|
|
|
|
| LEADER |
00000nab a2200000 a 4500 |
| 001 |
vtls000449294 |
| 003 |
SK-MaSNL |
| 005 |
20260304234040.0 |
| 008 |
120926c1992 xo 0 slo |
| 015 |
|
|
|a SNBRB19rr/mm-uuuuu
|
| 035 |
|
|
|a CL0449425
|
| 040 |
|
|
|a SNKBUCL
|b slo
|c SNKBUCL
|e AACR2
|
| 041 |
0 |
|
|a slo
|
| 044 |
|
|
|a xo
|c SK
|
| 080 |
|
|
|a 792.2
|2 1981
|
| 100 |
1 |
|
|a Maťašík, Andrej,
|d 1953-2017
|4 aut
|9 102086
|
| 245 |
1 |
0 |
|a Polákov paroháč
|c Andrej Maťašík ; Fernand Crommelynck, Roman Polák
|
| 300 |
|
|
|b Fot. 1.
|
| 500 |
|
|
|a (Réžia R. Polák.)
|
| 600 |
1 |
7 |
|a Crommelynck, Fernand
|2 snkbucl
|9 1272689
|
| 610 |
2 |
7 |
|a Divadlo Andreja Bagara v Nitre
|2 SNKKA
|9 32093
|
| 651 |
|
7 |
|a 5206
|2 snkbucl
|9 283253
|
| 655 |
|
7 |
|a články z novín a časopisov
|2 snkbucl
|9 267496
|
| 773 |
0 |
|
|t Smena
|g Roč. 45, č. 95 (22. 4. 1992), s. 5
|
| 850 |
|
|
|a Slovenská národná knižnica v Martine
|a MTA001
|
| 852 |
|
|
|a SNK
|b KIS3GCP
|
| 958 |
|
|
|a RK
|
| 992 |
|
|
|a RBX
|
| 999 |
|
|
|c 3201767
|d 3203697
|